000 00269nam a22001097a 4500
008 170105b xxu||||| |||| 00| 0 eng d
020 _a9781572243750
041 _aeng
080 _22ND
_a618.2
245 _aTHE TRIGGER POINT THERAPY WORKBOOK
_cDAVIES, C
942 _2udc
_cBK
999 _c2555
_d2555